000 00329nam a22001457a 4500
008 230508b ||||| |||| 00| 0 eng d
020 _a9781437734904
041 _aeng
080 _2SEVENTH EDITION
_a34
082 _a34TRA
100 _a30
101 _aJUERDIK
245 _aCRIMINAL JUSTICE
_cTRAVIS.F.L
942 _2udc
_cBK
999 _c59671
_d59671